[Event "Campeonato de España Universitario 2008"]
[Site "Madrid ESP"]
[Date "2008.05.10"]
[Round "8.17"]
[White "Casanellas Ruano, Lluis"]
[Black "Bermejo Martinez, Jorge"]
[Result "1-0"]
[WhiteElo "2146"]
[BlackElo "2267"]
[PlyCount "41"]
[EventDate "2008.05.08"]
[EventType "swiss"]
[EventRounds "9"]
[EventCountry "ESP"]
[Source "lmi"]
[SourceDate "2008.05.08"]

1. e4 c5 2. Nf3 g6 3. d4 cxd4 4. Nxd4 Bg7 5. Nc3 Nc6 6. Be3 Nf6 7. f3 Qb6 8.
Nf5 Qxb2 9. Nxg7+ Kf8 10. Nd5 Nxd5 11. exd5 Nb4 12. Rc1 Nxa2 13. Rb1 Qe5 14.
Qd4 Qf6 15. Qxf6 exf6 16. Bd4 a5 17. Bxf6 Rg8 18. c3 Rxg7 19. Bxg7+ Kxg7 20.
Kd2 d6 21. Bc4 1-0

[Event "Campeonato de España Universitario 2008"]
[Site "Madrid ESP"]
[Date "2008.05.10"]
[Round "8.18"]
[White "Sierra Canosa, Francisco"]
[Black "Rivas Vila, David"]
[Result "0-1"]
[WhiteElo "2141"]
[BlackElo "2242"]
[PlyCount "112"]
[EventDate "2008.05.08"]
[EventType "swiss"]
[EventRounds "9"]
[EventCountry "ESP"]
[Source "lmi"]
[SourceDate "2008.05.08"]

1. e4 c5 2. Nf3 Nc6 3. Nc3 g6 4. d4 cxd4 5. Nxd4 Bg7 6. Be3 Nf6 7. Bc4 Qa5 8.
O-O O-O 9. Nb3 Qc7 10. Be2 d6 11. Bg5 Be6 12. f4 Qc8 13. Qd2 Rd8 14. Rae1 d5
15. e5 Ne4 16. Nxe4 dxe4 17. Qe3 f6 18. exf6 exf6 19. Bh4 Re8 20. Rd1 f5 21. c3
a5 22. Nc5 a4 23. a3 Bf8 24. Nxe6 Qxe6 25. Qb6 Na5 26. Qxe6+ Rxe6 27. Rd8 Rxd8
28. Bxd8 Bc5+ 29. Kh1 Bb6 30. Rd1 Kf8 31. Bb5 e3 32. Bxb6 Rxb6 33. c4 Re6 34.
g3 Nb3 35. Re1 Nd4 36. Bxa4 h5 37. Kg2 Ke7 38. Bb5 Kf6 39. a4 g5 40. fxg5+ Kxg5
41. c5 h4 42. Bc4 Re5 43. gxh4+ Kxh4 44. Rd1 Re4 45. Bd3 Rg4+ 46. Kf1 f4 47.
Be2 Nxe2 48. Kxe2 Rg2+ 49. Kd3 e2 50. Rc1 Rf2 51. Re1 f3 52. a5 Rxh2 53. Rc1
Kg3 54. Ke3 Kg2 55. a6 bxa6 56. c6 Rh7 0-1

[Event "Campeonato de España Universitario 2008"]
[Site "Madrid ESP"]
[Date "2008.05.10"]
[Round "8.19"]
[White "Cortes Mamblona, Josep Manel"]
[Black "Perez Felipe, Marcos Adrian"]
[Result "0-1"]
[WhiteElo "2054"]
[BlackElo "2238"]
[PlyCount "58"]
[EventDate "2008.05.08"]
[EventType "swiss"]
[EventRounds "9"]
[EventCountry "ESP"]
[Source "lmi"]
[SourceDate "2008.05.08"]

1. e4 c5 2. Nc3 Nc6 3. f4 g6 4. Nf3 Bg7 5. g3 d6 6. Bg2 e6 7. d3 Nge7 8. O-O
O-O 9. Ne2 d5 10. e5 f6 11. exf6 Bxf6 12. c3 Nf5 13. g4 Nfe7 14. d4 Qb6 15. Kh1
cxd4 16. cxd4 Bd7 17. Rb1 Rac8 18. Be3 Bg7 19. Qd2 Qa6 20. b4 Nd8 21. Ne5 Bb5
22. Rf2 Nf7 23. Nxf7 Rxf7 24. Nc3 Bc4 25. a4 Qd6 26. Bh3 Rcf8 27. b5 Bh6 28. g5
Bg7 29. Ne2 Nc8 0-1

[Event "Campeonato de España Universitario 2008"]
[Site "Madrid ESP"]
[Date "2008.05.10"]
[Round "8.20"]
[White "Perez Campos, Adria"]
[Black "Serrano Bozada, Esteban"]
[Result "0-1"]
[WhiteElo "2229"]
[BlackElo "2188"]
[PlyCount "76"]
[EventDate "2008.05.08"]
[EventType "swiss"]
[EventRounds "9"]
[EventCountry "ESP"]
[Source "lmi"]
[SourceDate "2008.05.08"]

1. c4 g6 2. Nc3 Bg7 3. g3 e5 4. Bg2 d6 5. e3 f5 6. d4 Nc6 7. Nge2 Nf6 8. Rb1 a5
9. a3 O-O 10. O-O Qe7 11. b4 axb4 12. axb4 Kh8 13. c5 e4 14. Qb3 Be6 15. d5 Bg8
16. Bb2 Ne5 17. Nf4 g5 18. Ne6 Bxe6 19. dxe6 Nd3 20. Nd5 Nxd5 21. Bxg7+ Qxg7
22. Qxd5 dxc5 23. bxc5 c6 24. Qd4 Qxd4 25. exd4 Rfe8 26. g4 fxg4 27. Bxe4 Nf4
28. Rxb7 Rxe6 29. Bf5 Rf6 30. Rxh7+ Kg8 31. Bb1 Rb8 32. Rd7 Rb2 33. Rd6 Nh3+
34. Kg2 Rf4 35. Kg3 Nxf2 36. Rg6+ Kf7 37. Rxf2 Rfxf2 38. Be4 Rfe2 0-1

[Event "Campeonato de España Universitario 2008"]
[Site "Madrid ESP"]
[Date "2008.05.10"]
[Round "8.21"]
[White "Gimeno Higueras, Roberto"]
[Black "Perez Mauricio, Xoel"]
[Result "0-1"]
[WhiteElo "2219"]
[BlackElo "2168"]
[PlyCount "98"]
[EventDate "2008.05.08"]
[EventType "swiss"]
[EventRounds "9"]
[EventCountry "ESP"]
[Source "lmi"]
[SourceDate "2008.05.08"]

1. e4 d6 2. d4 Nf6 3. Nc3 e5 4. dxe5 dxe5 5. Qxd8+ Kxd8 6. Bg5 Be6 7. O-O-O+
Nbd7 8. Nf3 Bd6 9. Bb5 Kc8 10. Be3 Ng4 11. Rhe1 f6 12. Ba4 Nxe3 13. Rxe3 Nc5
14. Bb5 a6 15. Bf1 b6 16. Nd2 Kb7 17. Bc4 Bxc4 18. Nxc4 Be7 19. a3 Rhd8 20. Rd5
c6 21. Rxd8 Rxd8 22. Rh3 h6 23. Ne3 Ne6 24. Nf5 Bc5 25. Nd1 Nf4 26. Re3 Bxe3+
27. Ndxe3 Rd7 28. h4 Ne2+ 29. Kb1 Nd4 30. Ng3 Ne6 31. Kc1 b5 32. Ngf5 Nc5 33.
f3 h5 34. b4 Ne6 35. g4 hxg4 36. fxg4 g6 37. Ng3 Nf4 38. h5 gxh5 39. Nxh5 Nxh5
40. gxh5 Rh7 41. Ng4 Rxh5 42. Nxf6 Rh1+ 43. Kb2 Kc7 44. Ng4 Kd6 45. Nf2 Re1 46.
Nd3 Rxe4 47. Nc5 Rd4 48. Nxa6 e4 49. Kc3 Rd5 0-1

[Event "Campeonato de España Universitario 2008"]
[Site "Madrid ESP"]
[Date "2008.05.10"]
[Round "8.22"]
[White "Martin Alvarez, Iñigo"]
[Black "Ivanovitch Balsinde, Nicolas M"]
[Result "1-0"]
[WhiteElo "2214"]
[BlackElo "2141"]
[PlyCount "89"]
[EventDate "2008.05.08"]
[EventType "swiss"]
[EventRounds "9"]
[EventCountry "ESP"]
[Source "lmi"]
[SourceDate "2008.05.08"]

1. e4 e5 2. Nf3 Nc6 3. Bb5 a6 4. Ba4 Nf6 5. O-O Bc5 6. c3 b5 7. Bc2 d6 8. d4
Bb6 9. h3 h6 10. a4 Bb7 11. Be3 O-O 12. d5 Na7 13. Bxb6 cxb6 14. axb5 Nxb5 15.
Nbd2 Kh8 16. Re1 g5 17. Nh2 Na7 18. Ng4 Nxg4 19. hxg4 Nc8 20. Qf3 Ne7 21. Qf6+
Kh7 22. Nc4 Nc8 23. Qf3 Kg7 24. g3 Ne7 25. Kg2 Rh8 26. Rh1 Qc7 27. Ne3 f6 28.
Rh5 Bc8 29. Bd3 a5 30. Qe2 Bd7 31. Bb5 Raf8 32. Bxd7 Qxd7 33. Qa6 Rb8 34. Rah1
Qc8 35. Qb5 Qe8 36. Qxe8 Rbxe8 37. Nc4 Nc8 38. Ra1 Re7 39. Ne3 Kg6 40. Nf5 Reh7
41. b4 axb4 42. cxb4 Ne7 43. Ra6 Nxf5 44. exf5+ Kg7 45. Rxb6 1-0

[Event "Campeonato de España Universitario 2008"]
[Site "Madrid ESP"]
[Date "2008.05.10"]
[Round "8.23"]
[White "Martinez Lozano, Miguel Angel"]
[Black "Encinas Encinas, Alvaro"]
[Result "1/2-1/2"]
[WhiteElo "2209"]
[BlackElo "2050"]
[PlyCount "28"]
[EventDate "2008.05.08"]
[EventType "swiss"]
[EventRounds "9"]
[EventCountry "ESP"]
[Source "lmi"]
[SourceDate "2008.05.08"]

1. e4 e5 2. Nf3 Nc6 3. Bb5 Nge7 4. O-O d6 5. d4 Bd7 6. Bg5 h6 7. Be3 g5 8. dxe5
dxe5 9. Nc3 Ng6 10. Nd5 Bg7 11. Bc5 Bf8 12. Be3 Bg7 13. Bc5 Bf8 14. Be3 Bg7
1/2-1/2

[Event "Campeonato de España Universitario 2008"]
[Site "Madrid ESP"]
[Date "2008.05.10"]
[Round "8.24"]
[White "Almeida Toledano, Daniel"]
[Black "Ruiz Garcia, Mario"]
[Result "0-1"]
[WhiteElo "2278"]
[BlackElo "2107"]
[PlyCount "86"]
[EventDate "2008.05.08"]
[EventType "swiss"]
[EventRounds "9"]
[EventCountry "ESP"]
[Source "lmi"]
[SourceDate "2008.05.08"]

1. e4 c5 2. Nf3 e6 3. d4 cxd4 4. Nxd4 a6 5. Bd3 Nc6 6. Be3 Nf6 7. O-O Qc7 8.
Nxc6 bxc6 9. f4 d6 10. Nd2 e5 11. Kh1 Be7 12. fxe5 dxe5 13. Bg5 Be6 14. Bxf6
Bxf6 15. Bc4 Bxc4 16. Nxc4 O-O 17. Qg4 Qe7 18. Rf3 g6 19. Rd1 Rad8 20. Rff1 Bg7
21. Qe2 Qc5 22. b3 Rd4 23. c3 Rxd1 24. Rxd1 f5 25. exf5 gxf5 26. Qe3 Qxe3 27.
Nxe3 f4 28. Nc2 e4 29. c4 Bc3 30. Kg1 Kg7 31. Kf2 Kg6 32. Rd6+ Kf5 33. Ke2 Rg8
34. g3 fxg3 35. hxg3 Rxg3 36. Ne3+ Kf4 37. Nd1 Be5 38. Rxc6 Rg2+ 39. Ke1 Kf3
40. Rc8 Bf4 41. Kf1 Rh2 42. Rg8 Rd2 43. Nc3 Rd3 0-1

[Event "Campeonato de España Universitario 2008"]
[Site "Madrid ESP"]
[Date "2008.05.10"]
[Round "8.25"]
[White "Hidalgo Duque, Carlos"]
[Black "Garrido Dominguez, Jesus"]
[Result "1/2-1/2"]
[WhiteElo "2134"]
[BlackElo "2324"]
[PlyCount "103"]
[EventDate "2008.05.08"]
[EventType "swiss"]
[EventRounds "9"]
[EventCountry "ESP"]
[Source "lmi"]
[SourceDate "2008.05.08"]

1. d4 Nf6 2. c4 g6 3. Nc3 Bg7 4. e4 d6 5. Nf3 Na6 6. Be2 O-O 7. O-O e5 8. Re1
exd4 9. Nxd4 Nc5 10. Bf1 Bg4 11. f3 Bd7 12. Be3 a5 13. b3 Nh5 14. Qd2 Ne6 15.
Rad1 b6 16. Nd5 Nf6 17. Kh1 Nc5 18. Bg5 Ne6 19. Nxe6 Bxe6 20. Qf4 Bxd5 21. cxd5
Re8 22. Qh4 h6 23. Bxh6 Bxh6 24. Qxh6 Re5 25. g4 Qe7 26. Re2 Nd7 27. Rd3 Nc5
28. Rde3 Qf6 29. Kg1 Rae8 30. h4 b5 31. Rh2 b4 32. h5 Qg7 33. hxg6 fxg6 34.
Qxg7+ Kxg7 35. Kf2 g5 36. Bb5 Rf8 37. Kg3 Re7 38. Rc2 Rh8 39. Rh2 Rxh2 40. Kxh2
Kf6 41. Kg3 Ke5 42. Re1 Rh7 43. Rd1 Rh8 44. Bc6 Rh7 45. Bb5 Nb7 46. Bf1 Rh8 47.
Bb5 Kf6 48. Bc6 Nc5 49. Kg2 Ke5 50. Kg3 Rh6 51. Bb5 Rf6 52. Rd2 1/2-1/2

[Event "Campeonato de España Universitario 2008"]
[Site "Madrid ESP"]
[Date "2008.05.10"]
[Round "8.26"]
[White "Caravaca Aguirre, Antonio Miguel"]
[Black "Lopez Del Alamo, Antonio"]
[Result "0-1"]
[WhiteElo "2130"]
[BlackElo "2299"]
[PlyCount "88"]
[EventDate "2008.05.08"]
[EventType "swiss"]
[EventRounds "9"]
[EventCountry "ESP"]
[Source "lmi"]
[SourceDate "2008.05.08"]

1. Nf3 Nf6 2. g3 g6 3. Bg2 Bg7 4. c4 O-O 5. Nc3 d6 6. Rb1 a5 7. a3 e5 8. O-O
Be6 9. d3 h6 10. b4 axb4 11. Rxb4 Bc8 12. Ne1 c6 13. Nc2 Na6 14. Rb1 Nc5 15.
Be3 Nfd7 16. Qd2 Kh7 17. f4 f5 18. Bf2 Qe7 19. e4 Nf6 20. Bxc5 dxc5 21. fxe5
Ng4 22. Rb3 Nxe5 23. Ne2 fxe4 24. Bxe4 Rxf1+ 25. Kxf1 Kh8 26. Kg2 Nxc4 27. Qf4
g5 28. Qc1 Nd6 29. Qe3 Bh3+ 30. Kh1 Re8 31. Ng1 Bc8 32. Qxc5 Nxe4 33. Qxe7 Rxe7
34. dxe4 Rxe4 35. Kg2 Re7 36. Nb4 Be6 37. Rd3 c5 38. Rd8+ Kh7 39. Nd3 c4 40.
Nc5 c3 41. Ne2 Bc4 42. Nc1 Re1 43. N1b3 Bxb3 44. Nxb3 Rb1 0-1

[Event "Campeonato de España Universitario 2008"]
[Site "Madrid ESP"]
[Date "2008.05.10"]
[Round "8.27"]
[White "Paredes Mancha, Antonio"]
[Black "Vallejo Diaz, Jesus"]
[Result "0-1"]
[WhiteElo "2076"]
[BlackElo "2269"]
[PlyCount "110"]
[EventDate "2008.05.08"]
[EventType "swiss"]
[EventRounds "9"]
[EventCountry "ESP"]
[Source "lmi"]
[SourceDate "2008.05.08"]

1. e4 c5 2. Nf3 e6 3. c3 Nf6 4. e5 Nd5 5. d4 cxd4 6. cxd4 d6 7. exd6 Bxd6 8.
Nc3 Nxc3 9. bxc3 Qc7 10. Bd2 b6 11. Bd3 Bb7 12. O-O Nd7 13. Qe2 O-O 14. h3 Rac8
15. Rac1 Bf4 16. Rfd1 Bxd2 17. Nxd2 e5 18. Bf5 Rfe8 19. Ne4 Bxe4 20. Qxe4 Nf6
21. Qb1 Rcd8 22. d5 g6 23. Be4 Qc4 24. Bd3 Qc5 25. Bb5 Re7 26. c4 e4 27. Qb2
Rd6 28. Qd4 Rc7 29. a4 Kf8 30. g4 h6 31. Qxc5 Rxc5 32. Bc6 Ne8 33. f3 exf3 34.
Kf2 Nc7 35. Bb5 Ne8 36. Re1 Rd8 37. Kxf3 Nd6 38. Ke3 Rc7 39. Kd4 Nb7 40. Re2 a6
41. Bxa6 Nc5 42. Rb2 Nxa6 43. Rxb6 Nc5 44. a5 Ne6+ 45. Ke5 Ng5 46. d6 Rc5+ 47.
Kd4 Ne6+ 48. Ke4 Rxa5 49. Rc6 Nc5+ 50. Kf3 Ra3+ 51. Ke2 Ra5 52. Rd1 Ne6 53. Rb6
Rc5 54. Rb4 Rc6 55. c5 Rxc5 0-1

[Event "Campeonato de España Universitario 2008"]
[Site "Madrid ESP"]
[Date "2008.05.10"]
[Round "8.29"]
[White "Hajmohamad Ali, Ehsan"]
[Black "Lorente Peñalba, Diego"]
[Result "0-1"]
[WhiteElo "2227"]
[BlackElo "2134"]
[PlyCount "78"]
[EventDate "2008.05.08"]
[EventType "swiss"]
[EventRounds "9"]
[EventCountry "ESP"]
[Source "lmi"]
[SourceDate "2008.05.08"]

1. e4 c5 2. Nf3 d6 3. d4 cxd4 4. Nxd4 Nf6 5. Nc3 g6 6. f3 Bg7 7. Be3 O-O 8. Qd2
Nc6 9. g4 Nxd4 10. Bxd4 Be6 11. h4 Qa5 12. h5 Rfc8 13. hxg6 hxg6 14. a3 Rab8
15. Bd3 b5 16. b4 Qc7 17. Nxb5 Qd7 18. Nc3 Bc4 19. Nd5 e5 20. Nxf6+ Bxf6 21.
Bb2 Qd8 22. Kf1 Qb6 23. Kg2 Qb5 24. Rad1 Qa4 25. c3 Rb6 26. Bxc4 Rxc4 27. Rc1
Rbc6 28. Rhd1 a5 29. Kg3 Qb3 30. Ra1 Bd8 31. Rh1 Bf6 32. Rh2 Qa4 33. Qd1 Qb5
34. a4 Qb6 35. b5 Rc8 36. Qd2 Qd8 37. Rah1 Rxa4 38. Rh7 Bg7 39. Bc1 Qf6 0-1

[Event "Campeonato de España Universitario 2008"]
[Site "Madrid ESP"]
[Date "2008.05.10"]
[Round "8.30"]
[White "Perez Candelario, Matias"]
[Black "Navarro Ortiz De Ortuño, Borja Ed"]
[Result "0-1"]
[WhiteElo "2055"]
[BlackElo "2224"]
[PlyCount "60"]
[EventDate "2008.05.08"]
[EventType "swiss"]
[EventRounds "9"]
[EventCountry "ESP"]
[Source "lmi"]
[SourceDate "2008.05.08"]

1. e4 e6 2. d4 d5 3. exd5 exd5 4. Bd3 Nc6 5. c3 Bd6 6. Ne2 Nge7 7. O-O Bg4 8.
f3 Bh5 9. Bf4 Qd7 10. Nd2 O-O-O 11. Nb3 Bg6 12. Nc5 Bxc5 13. dxc5 d4 14. Bg3
dxc3 15. Bxg6 cxb2 16. Qxd7+ Rxd7 17. Rab1 Nxg6 18. Rxb2 Rhd8 19. Rfb1 Rd1+ 20.
Kf2 Rxb1 21. Rxb1 Rd2 22. a3 Nd4 23. Ke3 Rxe2+ 24. Kxd4 Rd2+ 25. Kc3 Rxg2 26.
Re1 Kd7 27. Rd1+ Kc6 28. Rd8 f5 29. Rd4 Ra2 30. Kb3 Re2 0-1

[Event "Campeonato de España Universitario 2008"]
[Site "Madrid ESP"]
[Date "2008.05.10"]
[Round "8.31"]
[White "Jimenez Martinez, Jose Vicente"]
[Black "Fidalgo Fernandez, Lucia"]
[Result "1-0"]
[WhiteElo "2202"]
[BlackElo "2093"]
[PlyCount "117"]
[EventDate "2008.05.08"]
[EventType "swiss"]
[EventRounds "9"]
[EventCountry "ESP"]
[Source "lmi"]
[SourceDate "2008.05.08"]

1. d4 d5 2. c4 dxc4 3. Nf3 e6 4. Nc3 a6 5. e3 Nf6 6. Bxc4 b5 7. Be2 Bb7 8. O-O
c5 9. a3 Nbd7 10. h3 cxd4 11. exd4 Bd6 12. Be3 O-O 13. Qd2 Qb8 14. Rfd1 Rc8 15.
Rac1 Nb6 16. Ne5 Nbd5 17. Nxd5 Bxd5 18. Nd3 Qb7 19. f3 Nh5 20. Nc5 Qb8 21. Ne4
Rxc1 22. Rxc1 Bxe4 23. fxe4 Bh2+ 24. Kf2 Qg3+ 25. Kf1 Qg6 26. Bxh5 Qxh5 27. Bf4
Bxf4 28. Qxf4 b4 29. a4 h6 30. Kf2 b3 31. Rc4 Qd1 32. Qe3 Qb1 33. Qe2 a5 34.
Kf3 Rd8 35. Ke3 e5 36. d5 Rd6 37. Qd2 Qg1+ 38. Qf2 Qd1 39. Qd2 Qb1 40. Rc1 Qa2
41. Rc4 Qa1 42. Qc1 Qa2 43. g4 Rf6 44. h4 Rb6 45. g5 Rg6 46. h5 Rxg5 47. d6
Rg3+ 48. Ke2 Rg2+ 49. Kf3 Rxb2 50. Qxb2 Qxb2 51. d7 Qd2 52. Rc8+ Kh7 53. d8=Q
Qf4+ 54. Ke2 Qxe4+ 55. Kd2 Qb4+ 56. Kc1 Qa3+ 57. Kd1 Qa1+ 58. Ke2 Qa2+ 59. Ke3
1-0

[Event "Campeonato de España Universitario 2008"]
[Site "Madrid ESP"]
[Date "2008.05.10"]
[Round "8.32"]
[White "Rodriguez Gonzalez, Alex"]
[Black "Garcia Mendoza, Francisco"]
[Result "0-1"]
[WhiteElo "2041"]
[BlackElo "2195"]
[PlyCount "55"]
[EventDate "2008.05.08"]
[EventType "swiss"]
[EventRounds "9"]
[EventCountry "ESP"]
[Source "lmi"]
[SourceDate "2008.05.08"]

1. e4 c5 2. Nc3 Nc6 3. f4 a6 4. Nf3 g6 5. a4 Bg7 6. Bc4 d6 7. O-O Nd4 8. f5 Nf6
9. d3 O-O 10. Nxd4 cxd4 11. Ne2 d5 12. exd5 Bxf5 13. Ng3 Bg4 14. Qe1 Nxd5 15.
Qe4 Be6 16. Bg5 Re8 17. Rae1 Qd7 18. Qf3 h6 19. Ne4 Rac8 20. Bh4 Rf8 21. h3 Ne3
22. Bxe6 fxe6 23. Qg3 Rxf1+ 24. Rxf1 Nxf1 25. Kxf1 g5 26. Bxg5 hxg5 27. Nxg5 e5
28. Qh4 0-1

[Event "Campeonato de España Universitario 2008"]
[Site "Madrid ESP"]
[Date "2008.05.10"]
[Round "8.33"]
[White "Criado Lopez, Alberto"]
[Black "Alonso Alvarez, Aitor"]
[Result "0-1"]
[WhiteElo "2014"]
[BlackElo "2190"]
[PlyCount "96"]
[EventDate "2008.05.08"]
[EventType "swiss"]
[EventRounds "9"]
[EventCountry "ESP"]
[Source "lmi"]
[SourceDate "2008.05.08"]

1. e4 c5 2. Nf3 Nc6 3. d4 cxd4 4. Nxd4 g6 5. Nc3 Bg7 6. Nb3 Nf6 7. Be2 O-O 8.
O-O a5 9. a4 Nb4 10. Bc4 Nxe4 11. Bxf7+ Rxf7 12. Nxe4 d5 13. Ng5 Rf8 14. c3 Nc6
15. Qe2 e5 16. Rd1 Qb6 17. Ra3 Bg4 18. Nf3 e4 19. Qb5 Qxb5 20. axb5 Ne5 21. h3
Bxf3 22. gxf3 Rxf3 23. Kg2 Raf8 24. Rf1 Nc4 25. Ra1 b6 26. Nd2 Nxd2 27. Bxd2 d4
28. Rac1 R3f5 29. c4 d3 30. Be3 Bxb2 31. Rb1 Be5 32. h4 a4 33. Bxb6 a3 34. Bc5
a2 35. Bxf8 axb1=Q 36. Rxb1 Rxf8 37. b6 d2 38. c5 Rc8 39. b7 Rb8 40. c6 Kf7 41.
Rd1 Rd8 42. Kf1 Ke6 43. Ke2 Bf4 44. h5 g5 45. Rb1 d1=Q+ 46. Rxd1 Rxd1 47. Kxd1
Kd5 48. Ke2 Kd4 0-1

[Event "Campeonato de España Universitario 2008"]
[Site "Madrid ESP"]
[Date "2008.05.10"]
[Round "8.34"]
[White "Molina Ballester, Sergio"]
[Black "Muñoz Navarro, Alberto"]
[Result "0-1"]
[WhiteElo "2006"]
[BlackElo "2178"]
[PlyCount "48"]
[EventDate "2008.05.08"]
[EventType "swiss"]
[EventRounds "9"]
[EventCountry "ESP"]
[Source "lmi"]
[SourceDate "2008.05.08"]

1. e4 e6 2. d4 d5 3. Nc3 Bb4 4. Bd3 Nc6 5. Nge2 Nf6 6. e5 Nd7 7. O-O Be7 8. a3
b6 9. f4 g6 10. Be3 a5 11. Ng3 h5 12. f5 gxf5 13. Bxf5 Bg5 14. Qd2 Bxe3+ 15.
Qxe3 Ba6 16. Rf2 Qh4 17. Nxd5 O-O-O 18. Nxb6+ Nxb6 19. Be4 Nd5 20. Bxd5 Rxd5
21. Rxf7 Qxd4 22. Qxd4 Rxd4 23. Re1 Rd2 24. Rf2 Rhd8 0-1

[Event "Campeonato de España Universitario 2008"]
[Site "Madrid ESP"]
[Date "2008.05.10"]
[Round "8.35"]
[White "Ceron Carrion, Cesar"]
[Black "Pazos Porta, Antonio"]
[Result "1/2-1/2"]
[WhiteElo "1966"]
[BlackElo "2176"]
[PlyCount "39"]
[EventDate "2008.05.08"]
[EventType "swiss"]
[EventRounds "9"]
[EventCountry "ESP"]
[Source "lmi"]
[SourceDate "2008.05.08"]

1. e4 c5 2. Nf3 e6 3. d4 cxd4 4. Nxd4 a6 5. c4 Nf6 6. Bd3 Nc6 7. Be3 h5 8. h3
Qc7 9. Nc3 Ne5 10. Rc1 Nxd3+ 11. Qxd3 b6 12. O-O Bb7 13. Rfd1 Rc8 14. b3 Be7
15. Nde2 d6 16. Bf4 Rd8 17. Rd2 Qc6 18. Nd4 Qc7 19. Nde2 Qc6 20. Nd4 1/2-1/2

[Event "Campeonato de España Universitario 2008"]
[Site "Madrid ESP"]
[Date "2008.05.10"]
[Round "8.36"]
[White "Ibarra Jerez, Juan Miguel"]
[Black "Pavon Cardenas, Jesus M"]
[Result "1-0"]
[WhiteElo "2176"]
[BlackElo "2093"]
[PlyCount "71"]
[EventDate "2008.05.08"]
[EventType "swiss"]
[EventRounds "9"]
[EventCountry "ESP"]
[Source "lmi"]
[SourceDate "2008.05.08"]

1. e4 d5 2. exd5 Nf6 3. Bb5+ Nbd7 4. c4 a6 5. Ba4 b5 6. cxb5 Nxd5 7. Nc3 Bb7 8.
Nf3 e6 9. d4 Be7 10. bxa6 Rxa6 11. Ne5 N5b6 12. Bb5 Ra5 13. O-O Qa8 14. Re1 c6
15. Bd3 O-O 16. Bd2 Rd8 17. Bxh7+ Kf8 18. Qe2 Nxe5 19. dxe5 Ba6 20. Qh5 Rxd2
21. Bf5 Bc5 22. Ne4 Bxf2+ 23. Nxf2 exf5 24. Qh8+ Ke7 25. Qxg7 Re2 26. Qf6+ Ke8
27. e6 Rxe6 28. Rxe6+ fxe6 29. Qxe6+ Kf8 30. Qf6+ Kg8 31. Qg6+ Kf8 32. Qf6+ Kg8
33. Re1 Nd5 34. Qg6+ Kf8 35. Qxf5+ Kg7 36. Re6 1-0

[Event "Campeonato de España Universitario 2008"]
[Site "Madrid ESP"]
[Date "2008.05.10"]
[Round "8.37"]
[White "Rios Del Moral, Neftali"]
[Black "Graña Lois, Jorge"]
[Result "1/2-1/2"]
[WhiteElo "2170"]
[BlackElo "2085"]
[PlyCount "113"]
[EventDate "2008.05.08"]
[EventType "swiss"]
[EventRounds "9"]
[EventCountry "ESP"]
[Source "lmi"]
[SourceDate "2008.05.08"]

1. d4 d5 2. Nf3 Nf6 3. Bf4 Bf5 4. c4 e6 5. Nc3 c6 6. Qb3 Qb6 7. c5 Qxb3 8. axb3
Nbd7 9. h3 h5 10. b4 Ne4 11. e3 Be7 12. b5 g5 13. Bh2 g4 14. Ne5 Nxe5 15. Bxe5
f6 16. hxg4 fxe5 17. gxf5 exf5 18. Nxe4 fxe4 19. Be2 h4 20. bxc6 bxc6 21. Ra6
Rh6 22. b4 exd4 23. exd4 Rc8 24. O-O Bf6 25. Rd1 Rc7 26. b5 cxb5 27. Bxb5+ Ke7
28. Ba4 Rg6 29. Bb3 h3 30. g3 e3 31. Bxd5 exf2+ 32. Kh2 Rd7 33. Bc4 Kf8 34. Bf1
Kg7 35. d5 Rg5 36. Bc4 Be5 37. Ra3 Rf7 38. Bf1 Bb8 39. Rad3 a5 40. Bxh3 Rh5 41.
Kg2 Re7 42. Be6 Rg5 43. Kxf2 Ba7 44. Rc1 Kg6 45. Kf3 Bxc5 46. Rxc5 Rxe6 47.
Rxa5 Rf5+ 48. Kg2 Ree5 49. g4 Rf4 50. Kh3 Kg5 51. Ra8 Ree4 52. Rg8+ Kh6 53. Kg2
Kh7 54. Rg5 Kh6 55. Rg8 Kh7 56. Rd8 Rxg4+ 57. Kf2 1/2-1/2

[Event "Campeonato de España Universitario 2008"]
[Site "Madrid ESP"]
[Date "2008.05.10"]
[Round "8.38"]
[White "Krug Cortegoso, Rodolfo Martin"]
[Black "Rey Garcia, Tomas"]
[Result "1-0"]
[WhiteElo "2154"]
[BlackElo "2029"]
[PlyCount "67"]
[EventDate "2008.05.08"]
[EventType "swiss"]
[EventRounds "9"]
[EventCountry "ESP"]
[Source "lmi"]
[SourceDate "2008.05.08"]

1. Nf3 Nf6 2. c4 g6 3. g3 Bg7 4. Bg2 O-O 5. Nc3 d6 6. O-O e5 7. d3 Nc6 8. Rb1
h6 9. b4 Be6 10. b5 Ne7 11. Qc2 Qd7 12. Re1 Bh3 13. Bh1 Ng4 14. Nd2 Nf5 15.
Bxb7 Nd4 16. Qa4 Rab8 17. Bh1 f5 18. Nd5 f4 19. f3 fxg3 20. hxg3 Nf5 21. Ne4
Nf6 22. Ndxf6+ Bxf6 23. Qxa7 Nxg3 24. Nxg3 Bh4 25. Kh2 Ra8 26. Qe3 Bg5 27. Qe4
Kg7 28. Bg2 Bxg2 29. Kxg2 Rxa2 30. Bxg5 hxg5 31. Qg4 Qd8 32. b6 Rf4 33. bxc7
Qxc7 34. Qxg5 1-0

[Event "Campeonato de España Universitario 2008"]
[Site "Madrid ESP"]
[Date "2008.05.10"]
[Round "8.39"]
[White "Cobo Montejo, Miguel Angel"]
[Black "Aymerich Rosell, Pablo"]
[Result "0-1"]
[WhiteElo "1918"]
[BlackElo "2210"]
[PlyCount "46"]
[EventDate "2008.05.08"]
[EventType "swiss"]
[EventRounds "9"]
[EventCountry "ESP"]
[Source "lmi"]
[SourceDate "2008.05.08"]

1. d4 Nf6 2. c4 g6 3. Nc3 Bg7 4. e4 d6 5. Be2 O-O 6. Be3 e5 7. Qd2 exd4 8. Bxd4
Re8 9. f3 Nc6 10. Be3 Ne5 11. O-O-O Be6 12. Nd5 a6 13. Kb1 b5 14. c5 Nc4 15.
Bxc4 bxc4 16. Bg5 Bxd5 17. exd5 dxc5 18. Nh3 Rb8 19. Qc2 h6 20. Bc1 Nxd5 21.
Qxc4 Nc3+ 22. Qxc3 Bxc3 23. Rxd8 Rexd8 0-1

[Event "Campeonato de España Universitario 2008"]
[Site "Madrid ESP"]
[Date "2008.05.10"]
[Round "8.40"]
[White "Fernandez Losada, Daniel"]
[Black "Gomez Gomez, Francisco Javier"]
[Result "0-1"]
[WhiteElo "2173"]
[BlackElo "2097"]
[PlyCount "40"]
[EventDate "2008.05.08"]
[EventType "swiss"]
[EventRounds "9"]
[EventCountry "ESP"]
[Source "lmi"]
[SourceDate "2008.05.08"]

1. e4 c5 2. Nf3 e6 3. d4 cxd4 4. Nxd4 Nf6 5. Nc3 Nc6 6. Be3 Bb4 7. Bd3 d5 8.
Nxc6 bxc6 9. exd5 cxd5 10. O-O O-O 11. Bd4 Qc7 12. Re1 Bb7 13. Qf3 Ne4 14. Qh3
f5 15. Re3 e5 16. Bxe4 dxe4 17. Bxe5 Qxe5 18. Qh5 Rf6 19. Rg3 Bd6 20. Rd1 Qe8
0-1

[Event "Campeonato de España Universitario 2008"]
[Site "Madrid ESP"]
[Date "2008.05.10"]
[Round "8.41"]
[White "Amate Tortosa, Bernardo"]
[Black "Torrenta Planas, Marcel"]
[Result "1-0"]
[WhiteElo "2116"]
[BlackElo "2046"]
[PlyCount "29"]
[EventDate "2008.05.08"]
[EventType "swiss"]
[EventRounds "9"]
[EventCountry "ESP"]
[Source "lmi"]
[SourceDate "2008.05.08"]

1. e4 d5 2. exd5 Qxd5 3. Nc3 Qd6 4. d4 Nf6 5. h3 Bf5 6. Nf3 c6 7. Bg5 Ne4 8.
Nxe4 Bxe4 9. Bd3 Bxf3 10. Qxf3 Qxd4 11. O-O-O Qa4 12. Qf5 f6 13. Qc8+ Kf7 14.
Qxb7 fxg5 15. Qxa8 1-0